Statistics for Camille Hurley's Dolls - Hard

Click here to take the quiz!

General Stats

  • This quiz has been taken 8 times
  • The average score is 8 of 11

Answer Stats

Answer% Correct
Awful Ursula
100%
Chantilly Hildegard
100%
Edna the Terrible
100%
Sickly Sara
100%
Yawning Alice
100%
Eliza Sandberger
67%
Hagar Anderson
67%
Naughty Tina
67%
Teddy Eberhardt
67%
Sadie Crawford
33%
Thomasina O'Neill
33%

Score Distribution

Percentile by Number Answered

Percent of People with Each Score

Your Score History

You have not taken this quiz